000 01540nam a2200277Ia 4500
999 _c42047
_d42047
001 8737
003 GE_BSU
005 20240529162235.0
008 181216s2010||||ge |||||||||||||| ||geo||
020 _a9789941160578
040 _cGE_BSU
041 _ageo
080 _a821.353.1-31 გ–19
100 _4გამსახურდია, კონსტანტინე
245 _aთხზულებანი : 10 ტომად. ტ. 6, ვაზის ყვავილობა :
_bპროლოგიანი და ეპილოგიანი რომანი /
_cგ.კ. ; რედაქტორი ნათელა ჭყოიძე ; შემდგენელი : მანანა არჩვაძე-გამსახურდია ; მხატვარი გია ცხადაია.
264 _aთბილისი :
_bსაქართველოს მაცნე,
_c2010.
300 _a692 გვ. ;
_c20 სმ.
541 _h12ლ.
653 _aვაზის ყვავილობა
653 _aთხზულებანი
653 _aპროლოგიანი და ეპილოგიანი რომანი
700 _aარჩვაძე-გამსახურდია, მანანა
_eშემდგენელი
_91396
700 _aჭყოიძე, ნათელა
_eრედაქტორი
_91338
700 _aცხადაია, გია
_eილუსტრატორი
_95598
942 _cBK
_2udc